The adventure of peace: Dag Hammarskjold and the future of the UN (Record no. 33619)

MARC details
000 -LEADER
fixed length control field 00803nam a2200193 a 4500
008 - FIXED-LENGTH DATA ELEMENTS--GENERAL INFORMATION
fixed length control field 100302s2005 ||||||||||||||||| || u
020 ## - INTERNATIONAL STANDARD BOOK NUMBER
International Standard Book Number 1403974314
050 ## - LIBRARY OF CONGRESS CALL NUMBER
Classification number D 839.7.H3 ADV
110 ## - MAIN ENTRY--CORPORATE NAME
Corporate name or jurisdiction name as entry element Ministry for Foreign Affairs, Sweden
245 14 - TITLE STATEMENT
Title The adventure of peace: Dag Hammarskjold and the future of the UN
Statement of responsibility, etc. Secretariat for the Dag Hammarskjold Centenary. Ministry for Foreign Affairs, Sweden
260 ## - PUBLICATION, DISTRIBUTION, ETC.
Place of publication, distribution, etc. Stockholm:
Name of publisher, distributor, etc. Atlantis
Date of publication, distribution, etc. 2005
300 ## - PHYSICAL DESCRIPTION
Extent 416p.: ill.
350 ## - PRICE (NR) (BK AM CF MU VM SE) [OBSOLETE]
Price 0.00
650 #0 - SUBJECT ADDED ENTRY--TOPICAL TERM
Topical term or geographic name entry element PEACE
650 ## - SUBJECT ADDED ENTRY--TOPICAL TERM
Topical term or geographic name entry element HAMMARSKJOLD, DAG 1905-1961
650 ## - SUBJECT ADDED ENTRY--TOPICAL TERM
Topical term or geographic name entry element UNITED NATIONS--BIOGRAPHY
650 ## - SUBJECT ADDED ENTRY--TOPICAL TERM
Topical term or geographic name entry element WORLD POLITICS--1945-
995 ## - RECOMMENDATION 995 [LOCAL, UNIMARC FRANCE]
-- 0.00
-- CBU-MAIN LIBRARY (Kitwe)
-- 1
-- 0.00
-- 1
-- AVAILABLE
-- Mar 2, 2010
-- Main Library Open Access Collection
Holdings
Withdrawn status Lost status Source of classification or shelving scheme Damaged status Not for loan Home library Current library Shelving location Date acquired Total Checkouts Full call number Barcode Date last seen Price effective from Koha item type
          CBU-MAIN LIBRARY, KITWE. CBU-MAIN LIBRARY, KITWE.   11/30/2022   D 839.7.H3 ADV 740803 11/30/2022 11/30/2022 MONOGRAPH